Региональные экологические проблемы городов Кузбасса (на примере города Юрги); Инновационные технологии и экономика в машиностроении

Dades bibliogràfiques
Parent link:Инновационные технологии и экономика в машиностроении.— 2008.— С. 358-362
Autor principal: Крепша Н. В. Нина Владимировна
Idioma:rus
Publicat: 2008
Matèries:
Format: MixedMaterials Capítol de llibre
KOHA link:https://koha.lib.tpu.ru/cgi-bin/koha/opac-detail.pl?biblionumber=161851

MARC

LEADER 00000naa2a2200000 4500
001 161851
005 20231031160050.0
035 |a (RuTPU)RU\TPU\book\175519 
090 |a 161851 
100 |a 20090615d2008 k y0rusy50 ca 
101 0 |a rus 
102 |a RU 
200 1 |a Региональные экологические проблемы городов Кузбасса (на примере города Юрги)  |f Н. В. Крепша 
463 0 |0 (RuTPU)RU\TPU\book\164827  |t Инновационные технологии и экономика в машиностроении  |o труды VI Всероссийской научно-практической конференции с международным участием, 15-16 мая 2008 года, Юрга  |f Томский политехнический университет (ТПУ), Юргинский технологический институт (ЮТИ)  |v С. 358-362  |d 2008  |p 479 с. 
610 1 |a Кузбасс 
610 1 |a экология 
610 1 |a экологические проблемы 
610 1 |a города 
610 1 |a регионы 
610 1 |a труды учёных ТПУ 
700 1 |a Крепша  |b Н. В.  |c доцент, кандидат геолого-минералогических наук  |c кафедра экологии и безопасности жизнедеятельности ЭЛТИ Томского политехнического университета  |g Нина Владимировна  |2 stltpush  |3 (RuTPU)RU\TPU\pers\24273 
801 1 |a RU  |b 63413507  |c 20090615  |g PSBO 
942 |c BK